The "New Denominationalism"
| Authors: | ; |
|---|---|
| Format: | Electronic Article |
| Language: | English |
| Check availability: | HBZ Gateway |
| Interlibrary Loan: | Interlibrary Loan for the Fachinformationsdienste (Specialized Information Services in Germany) |
| Published: |
1965
|
| In: |
Review of religious research
Year: 1965, Volume: 7, Issue: 1, Pages: 8-17 |
| Online Access: |
Volltext (lizenzpflichtig) Volltext (lizenzpflichtig) |
MARC
| LEADER | 00000caa a22000002c 4500 | ||
|---|---|---|---|
| 001 | 1822391741 | ||
| 003 | DE-627 | ||
| 005 | 20250325025915.0 | ||
| 007 | cr uuu---uuuuu | ||
| 008 | 221115s1965 xx |||||o 00| ||eng c | ||
| 024 | 7 | |a 10.2307/3509830 |2 doi | |
| 035 | |a (DE-627)1822391741 | ||
| 035 | |a (DE-599)KXP1822391741 | ||
| 040 | |a DE-627 |b ger |c DE-627 |e rda | ||
| 041 | |a eng | ||
| 084 | |a 0 |2 ssgn | ||
| 100 | 1 | |8 1\p |e VerfasserIn |0 (DE-588)115690662 |0 (DE-627)077408551 |0 (DE-576)16316505X |4 aut |a Stark, Rodney |d 1934-2022 | |
| 109 | |a Stark, Rodney 1934-2022 |a Stark, Rodney William 1934-2022 |a Luo De Ni Si Da Ke 1934-2022 |a Sidake, Luodeni 1934-2022 |a Luodeni Sidake 1934-2022 | ||
| 245 | 1 | 4 | |a The "New Denominationalism" |
| 264 | 1 | |c 1965 | |
| 336 | |a Text |b txt |2 rdacontent | ||
| 337 | |a Computermedien |b c |2 rdamedia | ||
| 338 | |a Online-Ressource |b cr |2 rdacarrier | ||
| 601 | |a Denomination | ||
| 700 | 1 | |8 2\p |e VerfasserIn |0 (DE-588)11666441X |0 (DE-627)07814924X |0 (DE-576)29072905X |4 aut |a Glock, Charles Y. |d 1919-2018 | |
| 773 | 0 | 8 | |i Enthalten in |t Review of religious research |d London : Sage Publications, 1959 |g 7(1965), 1, Seite 8-17 |h Online-Ressource |w (DE-627)362776326 |w (DE-600)2100833-4 |w (DE-576)257192638 |x 2211-4866 |7 nnas |
| 773 | 1 | 8 | |g volume:7 |g year:1965 |g number:1 |g pages:8-17 |
| 856 | 4 | 0 | |u https://doi.org/10.2307/3509830 |x Resolving-System |z lizenzpflichtig |3 Volltext |7 1 |
| 856 | 4 | 0 | |u https://www.jstor.org/stable/3509830 |x Verlag |z lizenzpflichtig |3 Volltext |7 1 |
| 883 | |8 1\p |a cgwrk |d 20250301 |q DE-101 |u https://d-nb.info/provenance/plan#cgwrk | ||
| 883 | |8 2\p |a cgwrk |d 20250301 |q DE-101 |u https://d-nb.info/provenance/plan#cgwrk | ||
| 935 | |a mteo | ||
| 951 | |a AR | ||
| ELC | |a 1 | ||
| ITA | |a 1 |t 1 | ||
| LOK | |0 000 xxxxxcx a22 zn 4500 | ||
| LOK | |0 001 4211035126 | ||
| LOK | |0 003 DE-627 | ||
| LOK | |0 004 1822391741 | ||
| LOK | |0 005 20221115052635 | ||
| LOK | |0 008 221115||||||||||||||||ger||||||| | ||
| LOK | |0 035 |a (DE-Tue135)IxTheo#2022-09-29#8B41E17AEB1B46D4FFF71C69EF9321C7FFEF990E | ||
| LOK | |0 040 |a DE-Tue135 |c DE-627 |d DE-Tue135 | ||
| LOK | |0 092 |o n | ||
| LOK | |0 852 |a DE-Tue135 | ||
| LOK | |0 852 1 |9 00 | ||
| LOK | |0 935 |a ixzs |a ixrk |a zota | ||
| LOK | |0 939 |a 15-11-22 |b l01 | ||
| ORI | |a SA-MARC-ixtheoa001.raw | ||
| REL | |a 1 | ||
| SUB | |a REL | ||



